Concepción del espacio en el niño según Piaget
שמור ב:
| מחבר ראשי: | |
|---|---|
| פורמט: | ספר |
| שפה: | ספרדית |
| יצא לאור: |
Buenos Aires
Paidós
1969
|
| סדרה: | Biblioteca del Educador Contemporáneo, 98
|
| נושאים: | |
| תגים: |
הוספת תג
אין תגיות, היה/י הראשונ/ה לתייג את הרשומה!
|
MARC
| LEADER | 00000nam a2200000 a 4500 | ||
|---|---|---|---|
| 001 | UCW4616 | ||
| 003 | CL-VaPUC | ||
| 008 | 900607e19690000AG |||||||||||||||||spa|d | ||
| 082 | 0 | 4 | |a 155.413 |b HAL |2 21 |
| 100 | 0 | |a Halloway, G. E. T |e author |9 309385 | |
| 245 | 1 | 0 | |a Concepción del espacio en el niño según Piaget |
| 300 | |a 114 p | ||
| 942 | |c BK | ||
| 945 | |d 19900607 00:00:00 | ||
| 260 | |a Buenos Aires |b Paidós |c 1969 | ||
| 600 | 0 | 7 | |a PIAGET, JEAN |2 CL-VaPUC |9 308149 |
| 650 | 7 | |a PERCEPCION ESPACIAL |2 CL-VaPUC |9 309386 | |
| 650 | 0 | |a Niños |9 255605 | |
| 650 | 0 | |a Psicología del niño |9 307305 | |
| 650 | 0 | |a Crítica e interpretación |9 255042 | |
| 583 | |a last modification |c 20130106 10:47:33 |k Rodrigo Vera | ||
| 490 | 0 | |a Biblioteca del Educador Contemporáneo, 98 | |
| 999 | |c 218291 |d 218289 | ||
| 952 | |0 0 |1 0 |4 0 |6 155_413000000000000_HAL_1969 |7 0 |8 P |9 207573 |a BIBEDU |b BIBEDU |c BIBEDU_PB |d 2019-11-15 |i 2753731 |o 155.413 HAL 1969 |p 2753731 |r 2024-01-25 |w 2019-11-15 |y BK |k EDU | ||
| 952 | |0 0 |1 0 |4 0 |6 155_413000000000000_HAL_1969 |7 0 |8 P |9 207574 |a BIBEDU |b BIBEDU |c BIBEDU_PB |d 2019-11-15 |i 275374K |o 155.413 HAL 1969 |p 275374K |r 2024-01-25 |w 2019-11-15 |y BK |k EDU | ||
| 952 | |0 0 |1 0 |4 0 |6 155_413000000000000_HAL_1969 |7 0 |8 P |9 207575 |a BIBEDU |b BIBEDU |c BIBEDU_PB |d 2019-11-15 |i 2753758 |o 155.413 HAL 1969 |p 2753758 |r 2024-01-25 |w 2019-11-15 |y BK |k EDU | ||
| 952 | |0 0 |1 0 |4 0 |6 155_413000000000000_HAL_1969 |7 0 |8 P |9 207576 |a BIBEDU |b BIBEDU |c BIBEDU_PB |d 2019-11-15 |i 2753766 |o 155.413 HAL 1969 |p 2753766 |r 2024-01-25 |w 2019-11-15 |y BK |k EDU | ||
| 952 | |0 0 |1 0 |4 0 |6 155_413000000000000_HAL_1969 |7 0 |8 P |9 207577 |a BIBEDU |b BIBEDU |c BIBEDU_PB |d 2019-11-15 |i 2753774 |o 155.413 HAL 1969 |p 2753774 |r 2024-01-25 |w 2019-11-15 |y BK |k EDU | ||
| 952 | |0 0 |1 0 |4 0 |6 155_413000000000000_HAL_1969 |7 0 |8 P |9 207578 |a BIBEDU |b BIBEDU |d 2019-11-15 |i 2753782 |o 155.413 HAL 1969 |p 2753782 |r 2024-01-25 |w 2019-11-15 |y BK |k EDU | ||